000 00649cam a2200181 4500
001 L130378
008 050722n 000 0 eng u
035 _a(Sirsi) u130378
041 _aeng
110 _aRoyal Institution of Chartered Surveyors
_94900
245 _aRICS Olympics 2012 website
520 _aNews and articles on the 2012 Olympics.
590 _aIKA020805
650 _aOLYMPIC GAMES 2012
690 _aPROPERTY-COMMERCIAL PROPERTY-LEISURE PROPERTY-SPORTS PROPERTY
856 _uhttps://www.rics.org/Property/Commercialproperty/Leisureproperty/Sportsproperty/
_zView the website free of charge at www.rics.org.uk...
942 _n0
999 _c120462
_d120462